The structural econometric time series analysis approach (Record no. 71737)

MARC details
000 -LEADER
fixed length control field 00697nam a2200217Ia 4500
008 - FIXED-LENGTH DATA ELEMENTS--GENERAL INFORMATION
fixed length control field 191130s2004##################000#0#eng##
020 ## - INTERNATIONAL STANDARD BOOK NUMBER
ISBN 9780521814072
082 ## - DEWEY DECIMAL CLASSIFICATION NUMBER
Classification number 330.01519232 ZEL
245 ## - TITLE STATEMENT
Title The structural econometric time series analysis approach
Statement of responsibility, etc edited by Arnold Zellner and Franz C. Palm
260 ## - PUBLICATION, DISTRIBUTION, ETC. (IMPRINT)
Place of publication Cambridge
Name of publisher Cambridge University Press
Year of publication 2004
300 ## - PHYSICAL DESCRIPTION
Number of Pages xv, 718 p. : ill. ; 24 cm
500 ## - GENERAL NOTE
General note Includes bibliographical references and indexes
650 ## - SUBJECT ADDED ENTRY--TOPICAL TERM
Topical Term Econometric models
700 ## - ADDED ENTRY--PERSONAL NAME
Personal name Palm, Franz C
Personal name Zellner, Arnold
991 ## -
-- 22231
Holdings
Withdrawn status Lost status Damaged status Not for loan Home library Current library Shelving location Date acquired Full call number Accession Number Price effective from Koha item type
        Anna Centenary Library Anna Centenary Library 4TH FLOOR, A WING 09.10.2020 330.01519232 ZEL 105375 09.10.2020 English Books

Find us on the map